Poland Euro 2024 Squad - Statistics

General Stats
  • This quiz has been taken 14 times
  • The average score is 15 of 26
Answer Stats
Position Club Player % Correct
FW FC Barcelona Robert Lewandowski
93%
DF Arsenal Jakub Kiwior
86%
GK FC Barcelona Wojciech Szczesny
86%
GK Bologna Lukasz Skorupski
79%
GK OGC Nice Marcin Bulka
79%
MF Inter Milan Piotr Zielinski
79%
MF AEK Athens Damian Szymanski
71%
DF Southampton Jan Bednarek
71%
FW Istanbul Basaksehir Krzysztof Piatek
71%
MF AS Roma Nicola Zalewski
71%
MF Fenerbahce Sebastian Szymanski
71%
DF RC Lens Przemyslaw Frankowski
64%
MF Hellas Verona Pawel Dawidowicz
57%
FW FC Midtjylland Adam Buksa
50%
MF Bologna Kacper Urbanski
50%
MF Pogon Szczecin Kamil Grosicki
50%
FW Charlotte FC Karol Swiderski
50%
MF Brighton & Hove Albion Jakub Moder
43%
DF Sampdoria Bartosz Bereszynski
36%
MF Atlanta United Bartosz Slisz
36%
FW Club Brugge Michal Skoras
36%
DF Holstein Kiel Tymoteusz Puchacz
36%
DF Lech Poznan Bartosz Salamon
29%
MF Ludogorets Razgrad Jakub Piotrowski
29%
DF Empoli Sebastian Walukiewicz
29%
MF Jagiellonia Bialystok Taras Romanczuk
29%
No matching quizzes found
Score Distribution
Percent of People with Each Score
Percentile by Number Answered
Your Score History
You have not taken this quiz